त्यांची वंदावी पाऊले (Record no. 155190)

MARC details
000 -LEADER
fixed length control field 00674nam a2200181Ia 4500
008 - FIXED-LENGTH DATA ELEMENTS--GENERAL INFORMATION
fixed length control field 090124s9999 xx 000 0 und d
082 ## - DEWEY DECIMAL CLASSIFICATION NUMBER
Item number 109099
100 ## - MAIN ENTRY--PERSONAL NAME
Personal name बाल वाङमय निर्मिती मंडळ
245 ## - TITLE STATEMENT
Title त्यांची वंदावी पाऊले
250 ## - EDITION STATEMENT
Edition statement 1
260 ## - PUBLICATION, DISTRIBUTION, ETC. (IMPRINT)
Date of publication, distribution, etc 1961
300 ## - PHYSICAL DESCRIPTION
Extent 37
600 ## - SUBJECT ADDED ENTRY--PERSONAL NAME
Personal name बाल वाङमय निर्मिती मंडळ
630 ## - SUBJECT ADDED ENTRY--UNIFORM TITLE
Uniform title त्यांची वंदावी पाऊले
700 ## - ADDED ENTRY--PERSONAL NAME
Personal name बाल वाङमय निर्मिती मंडळ
730 ## - ADDED ENTRY--UNIFORM TITLE
Uniform title त्यांची वंदावी पाऊले
942 ## - ADDED ENTRY ELEMENTS (KOHA)
Koha item type Book
Holdings
Withdrawn status Lost status Damaged status Not for loan Home library Current library Date acquired Cost, normal purchase price Total Checkouts Full call number Barcode Date last seen Cost, replacement price Price effective from Koha item type
        Marathi Granth Sangrahalaya,Thane Marathi Granth Sangrahalaya,Thane   0.50   109099 THNMGS-109099 01/24/2009 0.50 01/24/2009 Book